[Event "SRB-chT Cup"]
[Site "Kragujevac"]
[Date "2017.04.30"]
[Round "3.2"]
[White "Livaja, Mario"]
[Black "Markovic, Slavoljub"]
[Result "0-1"]
[WhiteElo "2239"]
[BlackElo "2166"]
[PlyCount "96"]
[EventDate "2017.04.29"]
[EventType "team-swiss"]
[EventRounds "6"]
[EventCountry "SRB"]
[SourceTitle "EXT 2018"]
[Source "ChessBase"]
[SourceDate "2017.10.13"]
[SourceVersion "1"]
[SourceVersionDate "2017.10.13"]
[SourceQuality "1"]
[WhiteTeam "Nis Nais"]
[BlackTeam "Cumic Prota"]
[WhiteTeamCountry "SRB"]
[BlackTeamCountry "SRB"]

1. d4 b6 2. e4 e6 3. Nf3 Bb7 4. Bd3 Nf6 5. Qe2 c5 6. e5 Nd5 7. a3 Be7 8. c4 Nc7 9. 0-0 0-0 10. Nc3 cxd4 11. Nxd4 d6 12. Rd1 dxe5 13. Nf3 Qc8 14. Nxe5 Ne8 15. Bf4 Nf6 16. Bg5 h6 17. Bh4 g5 18. Bg3 Nc6 19. Nf3 Kg7 20. Nb5 Rd8 21. Bc2 Rxd1+ 22. Rxd1 Qf8 23. h4 gxh4 24. Nxh4 Rd8 25. Nf3 Rxd1+ 26. Qxd1 Qd8 27. Qxd8 Bxd8 28. Nd6 Ba8 29. b4 Be7 30. Nc8 Bd8 31. b5 Na5 32. Nd2 Bb7 33. Nd6 Nd7 34. Nb3 Nxb3 35. Nxb7 Nd4 36. Bd1 Be7 37. a4 e5 38. a5 Nf5 39. Bh2 Kf6 40. Kf1 Nd4 41. Bg4 Nf8 42. Bc8 Nfe6 43. f3 Nb3 44. Ke2 bxa5 45. Kd3 a4 46. Kc3 Ned4 47. f4 a3 48. fxe5+ Kg6 0-1

[Event "SRB-chT Cup"]
[Site "Kragujevac"]
[Date "2016.04.23"]
[Round "5.4"]
[White "Markovic, Slavoljub"]
[Black "Bjelanovic, Mile"]
[Result "1/2-1/2"]
[WhiteElo "2197"]
[BlackElo "1895"]
[PlyCount "66"]
[EventDate "2016.04.20"]
[EventType "team-swiss"]
[EventRounds "7"]
[EventCountry "SRB"]
[SourceTitle "CBM 172 Extra"]
[Source "ChessBase"]
[SourceDate "2016.06.21"]
[SourceVersion "1"]
[SourceVersionDate "2016.06.21"]
[SourceQuality "1"]
[WhiteTeam "Cumic Prota"]
[BlackTeam "Kragujevac Palilule"]
[WhiteTeamCountry "SRB"]
[BlackTeamCountry "SRB"]

1. e4 e6 2. d4 d5 3. exd5 exd5 4. Bd3 Bd6 5. Qf3 Be6 6. Ne2 Qf6 7. Bf4 Bxf4 8. Qxf4 Qxf4 9. Nxf4 Nf6 10. 0-0 0-0 11. Re1 Bd7 12. Nc3 c6 13. a4 a5 14. Nb1 Na6 15. c3 Rfe8 16. Nd2 Nc7 17. f3 Kf8 18. Rxe8+ Rxe8 19. Kf2 Ne6 20. Nxe6+ Bxe6 21. b4 Ra8 22. bxa5 Rxa5 23. Nb3 Ra7 24. a5 Nd7 25. Nc5 b6 26. Nxe6+ fxe6 27. Bxh7 Rxa5 28. Rxa5 bxa5 29. Bb1 Ke7 30. f4 Nf6 31. Ke2 Ne4 32. Kd3 Kd6 33. Ba2 Nf2+ 1/2-1/2

[Event "Kragujevac-ch"]
[Site "Kragujevac"]
[Date "2012.02.22"]
[Round "3"]
[White "Markovic, Slavoljub"]
[Black "Jovanovic, Bojan P"]
[Result "1-0"]
[WhiteElo "2200"]
[BlackElo "2147"]
[PlyCount "87"]
[EventDate "2012.02.20"]
[EventType "tourn"]
[EventRounds "11"]
[EventCountry "SRB"]
[SourceTitle "EXT 2019"]
[Source "ChessBase"]
[SourceDate "2018.10.10"]
[SourceVersion "1"]
[SourceVersionDate "2018.10.10"]
[SourceQuality "1"]

1. e4 e6 2. d4 d5 3. exd5 exd5 4. Bd3 Nc6 5. c3 Bd6 6. Ne2 Nge7 7. Bf4 Bg4 8. Qd2 Qd7 9. Bxd6 Qxd6 10. Na3 0-0 11. 0-0 Rae8 12. Rae1 a6 13. Ng3 Ng6 14. Qg5 Qd7 15. h3 Be6 16. Qh5 Qd6 17. Nc2 Nb8 18. f4 Nd7 19. Qf3 Nh4 20. Bxh7+ Kh8 21. Qh5 Nf6 22. Qxh4 Nxh7 23. f5 Bd7 24. Ne3 b5 25. Ng4 f6 26. Ne3 Rf7 27. Nc2 Rb8 28. Qg4 a5 29. a3 b4 30. axb4 Ba4 31. Re6 Qd7 32. Rf2 Bxc2 33. Rxc2 axb4 34. Nh5 bxc3 35. bxc3 Rb1+ 36. Kh2 Nf8 37. Nf4 Kg8 38. Rce2 c6 39. Ng6 Qc7+ 40. g3 Rb8 41. Qh5 Rd7 42. Qh8+ Kf7 43. Re8 Rxe8 44. Rxe8 1-0

[Event "Kragujevac-ch"]
[Site "Kragujevac"]
[Date "2012.02.21"]
[Round "2"]
[White "Radovic, Luka"]
[Black "Markovic, Slavoljub"]
[Result "0-1"]
[WhiteElo "1969"]
[BlackElo "2200"]
[PlyCount "89"]
[EventDate "2012.02.20"]
[EventType "tourn"]
[EventRounds "11"]
[EventCountry "SRB"]
[SourceTitle "EXT 2019"]
[Source "ChessBase"]
[SourceDate "2018.10.10"]
[SourceVersion "1"]
[SourceVersionDate "2018.10.10"]
[SourceQuality "1"]

1. Nf3 b6 2. g3 Bb7 3. Bg2 e6 4. 0-0 Be7 5. d3 f5 6. Nbd2 Nf6 7. e4 fxe4 8. Ng5 0-0 9. Ndxe4 Nxe4 10. Nxe4 Nc6 11. d4 d5 12. Nc3 Bf6 13. Ne2 Ba6 14. c3 Ne7 15. Re1 Ng6 16. Nf4 Nxf4 17. Bxf4 Re8 18. Qg4 Bc8 19. Be5 c6 20. Re2 a5 21. Rae1 Ra7 22. c4 Rf8 23. Rc2 Raf7 24. f4 Bxe5 25. fxe5 Qe7 26. cxd5 cxd5 27. Rec1 Bd7 28. Rc7 h5 29. Qxh5 Qb4 30. Qh4 Qxb2 31. R7c2 Qa3 32. Qg5 Rf5 33. Qd2 Rf2 34. Qxf2 Rxf2 35. Kxf2 Qd3 36. Rc7 Qxd4+ 37. Kf3 Ba4 38. Bf1 Bd1+ 39. Kg2 Qd2+ 40. Kh3 Bf3 41. g4 Qf4 42. Rc8+ Kh7 43. Bd3+ Be4 44. Bb5 Qe3+ 45. Kh4 0-1

[Event "Serbia-ch"]
[Site "Kragujevac"]
[Date "2000.02.21"]
[Round "3"]
[White "Markovic, Slavoljub"]
[Black "Savicevic, Vlatko"]
[Result "0-1"]
[WhiteElo "2252"]
[BlackElo "2415"]
[PlyCount "79"]
[EventDate "2000.02.19"]
[EventType "swiss"]
[EventRounds "9"]
[EventCountry "YUG"]
[SourceTitle "EXT 2001"]
[Source "ChessBase"]
[SourceDate "2000.11.22"]
[SourceVersion "1"]
[SourceVersionDate "2000.11.22"]
[SourceQuality "1"]

1. e4 c5 2. Nf3 a6 3. d4 cxd4 4. Nxd4 Nf6 5. Nc3 e5 6. Nb3 Bb4 7. Bc4 Qc7 8. Qd3 b5 9. Bd5 Nxd5 10. exd5 0-0 11. 0-0 Bxc3 12. bxc3 d6 13. f4 Nd7 14. a4 bxa4 15. Rxa4 Bb7 16. Rc4 Qd8 17. Rb4 Bc8 18. f5 a5 19. Rg4 f6 20. Qg3 Rf7 21. Bh6 Qe7 22. Nd2 a4 23. Ne4 Ra6 24. h3 a3 25. Kh2 a2 26. Ra1 Nf8 27. Qd3 Kh8 28. Bd2 Qb7 29. c4 Bxf5 30. Nxd6 Bxd3 31. Nxb7 Rxb7 32. cxd3 Rb1 33. Bc3 Ra3 34. Rxa2 Rxa2 35. c5 Rc2 36. Rc4 Rbc1 37. Bb4 Rxc4 38. dxc4 Rxc4 39. Ba3 Nd7 40. c6 0-1

[Event "Serbia-ch"]
[Site "Kragujevac"]
[Date "2000.02.20"]
[Round "2"]
[White "Novoselski, Zoran"]
[Black "Markovic, Slavoljub"]
[Result "0-1"]
[WhiteElo "2392"]
[BlackElo "2252"]
[PlyCount "104"]
[EventDate "2000.02.19"]
[EventType "swiss"]
[EventRounds "9"]
[EventCountry "YUG"]
[SourceTitle "EXT 2001"]
[Source "ChessBase"]
[SourceDate "2000.11.22"]
[SourceVersion "1"]
[SourceVersionDate "2000.11.22"]
[SourceQuality "1"]

1. g3 d5 2. Bg2 e5 3. c4 Nf6 4. cxd5 Nxd5 5. Nc3 Nxc3 6. bxc3 Bd6 7. Rb1 c6 8. Nf3 0-0 9. 0-0 Qe7 10. d3 Nd7 11. Nd2 Nb6 12. a4 Rb8 13. a5 Nd5 14. Qb3 Be6 15. c4 Nf6 16. Qa4 Bd7 17. Nb3 Rfc8 18. c5 Bc7 19. Ba3 a6 20. Rb2 Nd5 21. Re1 Be6 22. Nd2 Qg5 23. e4 Nf6 24. Reb1 Rd8 25. Nf3 Qh5 26. Rxb7 Bg4 27. Rxb8 Bxb8 28. Ne1 Bc7 29. h4 h6 30. Rb7 Rd4 31. Bb4 Bd1 32. Qa1 Rd7 33. f3 Bb3 34. Qb2 Ba4 35. Bh3 Re7 36. Qf2 Bb5 37. Bf5 g5 38. Bd2 Ne8 39. Ng2 f6 40. hxg5 hxg5 41. Ne3 Bxd3 42. Bc3 Kf8 43. Bg4 Qh8 44. Qd2 Bb5 45. Bf5 Qh5 46. Kg2 Rg7 47. Bb4 Re7 48. Nd5 cxd5 49. exd5 e4 50. Bxe4 g4 51. Rxc7 Qh3+ 52. Kf2 Qf1+ 0-1

[Event "Kragujevac"]
[Site "Kragujevac"]
[Date "1995.??.??"]
[Round "?"]
[White "Markovic, Slavoljub"]
[Black "Rihterovic, Milan"]
[Result "1/2-1/2"]
[WhiteElo "2260"]
[BlackElo "2290"]
[PlyCount "121"]
[EventDate "1995.??.??"]
[EventType "tourn"]
[EventRounds "13"]
[EventCountry "YUG"]
[EventCategory "3"]
[SourceTitle "EXT 2004"]
[Source "ChessBase"]
[SourceDate "2003.11.25"]
[SourceVersion "1"]
[SourceVersionDate "2003.11.25"]
[SourceQuality "1"]

1. e4 c5 2. Nf3 Nc6 3. d4 cxd4 4. Nxd4 Nf6 5. Nc3 d6 6. f4 Qb6 7. Nb3 Bd7 8. Bd3 a5 9. Qe2 Bg4 10. Qe3 Qxe3+ 11. Bxe3 a4 12. Nd4 Bd7 13. Ndb5 Kd8 14. Bb6+ Kc8 15. Nc7 Rb8 16. Nxa4 Nb4 17. Nc3 Bc6 18. N7b5 g6 19. a3 Nxd3+ 20. cxd3 Kd7 21. Rc1 Bh6 22. g3 e5 23. Rf1 Rhe8 24. Rc2 exf4 25. gxf4 Nh5 26. Be3 f5 27. Rd2 Bg7 28. Kf2 Nf6 29. Rfd1 Bxb5 30. Nxb5 fxe4 31. h3 Rbc8 32. Re2 d5 33. dxe4 Nxe4+ 34. Kf3 Ke6 35. Bd4 Bh6 36. Be5 Rf8 37. Nc7+ Rxc7 38. Bxc7 Bxf4 39. Bxf4 g5 40. Rd4 Rxf4+ 41. Kg2 g4 42. hxg4 Rxg4+ 43. Kf3 h5 44. Rb4 Ke5 45. Re1 Rg3+ 46. Ke2 Rg2+ 47. Kd1 h4 48. Rb3 Kd4 49. Kc1 Nf2 50. Re2 h3 51. Rxf2 Rxf2 52. Rxh3 Ke4 53. Rh7 Ke3 54. Rxb7 d4 55. Re7+ Kd3 56. Kb1 Kd2 57. a4 d3 58. a5 Rf1+ 59. Ka2 Rf5 60. b4 Kc3 61. Rd7 1/2-1/2

[Event "Kragujevac"]
[Site "Kragujevac"]
[Date "1995.??.??"]
[Round "?"]
[White "Sekulic, Dusan"]
[Black "Markovic, Slavoljub"]
[Result "1/2-1/2"]
[WhiteElo "2335"]
[BlackElo "2260"]
[PlyCount "79"]
[EventDate "1995.??.??"]
[EventType "tourn"]
[EventRounds "13"]
[EventCountry "YUG"]
[EventCategory "3"]
[SourceTitle "EXT 2004"]
[Source "ChessBase"]
[SourceDate "2003.11.25"]
[SourceVersion "1"]
[SourceVersionDate "2003.11.25"]
[SourceQuality "1"]

1. d4 Nf6 2. c4 e6 3. Nf3 b6 4. e3 Bb7 5. Nbd2 c5 6. Bd3 cxd4 7. exd4 d5 8. 0-0 Bd6 9. b3 0-0 10. Qe2 Nc6 11. Bb2 Bf4 12. Rad1 Qd6 13. Rfe1 Rfd8 14. Nf1 Rac8 15. Ne5 Ne7 16. c5 Qc7 17. Nxf7 Kxf7 18. Qxe6+ Kf8 19. g3 Ne4 20. f3 bxc5 21. fxe4 Rd6 22. Qg4 Rg6 23. Qf3 Kg8 24. e5 Bh6 25. Bxg6 Nxg6 26. Qe2 Bg5 27. Qg4 Be7 28. Ne3 c4 29. Qe6+ Kh8 30. Nxd5 Qa5 31. bxc4 Bf8 32. Rf1 Qxa2 33. Nf4 Qxb2 34. Rf2 Qb3 35. Nxg6+ hxg6 36. Rdf1 Qe3 37. Qh3+ Kg8 38. Qe6+ Kh7 39. Qh3+ Kg8 40. Qe6+ 1/2-1/2